Personality characteristics of the Meeteis in North Eastern India (Record no. 7993)
[ view plain ]
| 000 -LEADER | |
|---|---|
| fixed length control field | 00434nam a2200145Ia 4500 |
| 020 ## - INTERNATIONAL STANDARD BOOK NUMBER | |
| ISBN | 9788182120025 |
| 082 ## - DEWEY DECIMAL CLASSIFICATION NUMBER | |
| Classification number | 305.8054 PER; |
| 100 ## - MAIN ENTRY--AUTHOR NAME | |
| Personal name | Sharma, Takhelchangbam Geetcha |
| 245 #0 - TITLE STATEMENT | |
| Title | Personality characteristics of the Meeteis in North Eastern India |
| 260 ## - PUBLICATION, DISTRIBUTION, ETC. (IMPRINT) | |
| Place of publication | New Delhi |
| Name of publisher | Lakshi Publishers |
| Year of publication | 2012 |
| 300 ## - PHYSICAL DESCRIPTION | |
| Number of Pages | xxiv, 248 |
| 504 ## - BIBLIOGRAPHY, ETC. NOTE | |
| Bibliography, etc | includes index and bibliography |
| 650 ## - SUBJECT ADDED ENTRY--TOPICAL TERM | |
| Topical Term | MEETEIS,THE |
| Form subdivision | TRIBES AND TRIBALS |
| 942 ## - ADDED ENTRY ELEMENTS (KOHA) | |
| Koha item type | Books |
| Withdrawn status | Lost status | Damaged status | Not for loan | Home library | Current library | Date acquired | Source of acquisition | Bill Date | Full call number | Accession Number | Price effective from | Koha item type |
|---|---|---|---|---|---|---|---|---|---|---|---|---|
| NASSDOC Library | NASSDOC Library | 05/03/2013 | MBA | 2013-02-26 | 305.8054 PER; | 48048 | 18/04/2019 | Books |
